000 00722nam a2200217 i 4500
001 95800
003 ES-MaACL
005 20251001144814.0
007 t|
008 050606s1971 sp f |||| |bspa d
080 _a929 Vicente Ferrer, Santo
100 1 _aMaciá Serrano, Antonio,
_d1910-1985
_975209
245 1 0 _aSan Vicente Ferrer, en su vida, actos y obras /
_cpor Antonio Maciá Serrano.
260 _aMadrid :
_bPublicaciones Españolas,
_c1971.
300 _a51 p., [4] p. de lám. ;
_c22 cm.
490 1 _aTemas españoles ;
_v518
600 0 4 _aVicente Ferrer,
_cSanto,
_d1350-1419
_9114355
830 0 _aTemas españoles ;
_v518
_9178712
852 _aES-MaACL
_jC-47277
999 _c95800
_d95800